000 01750 a2200277 4500
999 _c11108
_d11108
020 _a9780078035395 (hard copy : acidfree paper)
020 _a0078035392 (hard copy : acidfree paper)
050 0 0 _aHQ12
_bHYD 2011
100 1 _aHyde, Janet Shibley.
_eauthor
245 1 0 _aUnderstanding human sexuality /
_cJanet Shibley Hyde, University of Wisconsin - Madison, John D. DeLamater, University of Wisconsin - Madison.
250 _aTwelfth edition.
264 1 _aNew York, NY :
_bMcGraw-Hill Education,
_c[2014]
300 _axviii, 622 pages :
_bsome colored illustrations ;
336 _atext
_2rdacontent
_btxt
337 _aunmediated
_2rdamedia
_bn
338 _avolume
_2rdacarrier
_bnc
500 _aIncludes bibliographical references (pages 543-589) and index.
505 0 _aSexuality in perspective -- Theoretical perspectives on sexuality -- Sex research -- Sexual anatomy -- Sex hormones, sexual differentiation, and the menstrual cycle -- Conception, pregnancy, and childbirth -- Contraception and abortion -- Sexual arousal -- Sexuality and the life cycle : childhood and adolescence -- Sexuality and the life cycle : adulthood -- Attraction, love, and communication -- Gender and sexuality -- Sexual orientation: gay, straight, or bi? -- Variations in sexual behavior -- Sexual coercion -- Sex for sale -- Sexual disorders and sex therapy -- Sexually transmitted infections -- Ethics, religion, and sexuality -- Sex and the law -- Epilogue: Looking to the future : sexuality education.
650 0 _aSex.
650 0 _aSex customs.
650 0 _aSexual health.
650 0 _aSex (Psychology)
700 1 _aDeLamater, John D.
942 _2lcc
_cBK
_h12
_iHYD
_kHQ